The contemporary American novel in context

Saved in:
Bibliographic Details
Main Author Dix, Andrew, 1960-
Other Authors Jarvis, Brian, Jenner, Paul
Format eBook
LanguageEnglish
Published London ; New York : Continuum, ©2011.
SeriesTexts and contexts (Continuum (Firm))
Subjects
Online AccessFull text
ISBN9781441132055
9781441122971
9781283122580
9786613122582
9780826419699
9780826436962
Physical Description1 online zdroj (viii, 183 stran).

Cover

LEADER 00000nam a2200000 a 4500
001 114030
003 CZ-ZlUTB
005 20260522113415.0
006 m o d
007 cr cnu---unuuu
008 110613s2011 enk eo 001 0 eng d
020 |a 9781441132055  |q (electronic bk.) 
020 |a 9781441122971  |q (Electronic book EPUB format) 
020 |a 9781283122580 
020 |a 9786613122582 
020 |z 9780826419699 
020 |z 9780826436962 
040 |a EBZ  |b eng  |c EBZ 
045 |a x-y- 
072 7 |a 821.111(73).09  |x Americká literatura (o ní)  |2 Konspekt  |9 11 
080 |a 821.111(73)-31  |2 MRF 
080 |a (0.034.2:08)  |2 MRF 
080 |a (048.8:082)  |2 MRF 
100 1 |a Dix, Andrew,  |d 1960- 
245 1 4 |a The contemporary American novel in context /  |c Andrew Dix, Brian Jarvis and Paul Jenner. 
260 |a London ;  |a New York :  |b Continuum,  |c ©2011. 
300 |a 1 online zdroj (viii, 183 stran). 
490 1 |a Texts and contexts 
504 |a Obsahuje bibliografické odkazy a rejstřík 
506 |a Plný text je dostupný pouze z IP adres počítačů Univerzity Tomáše Bati ve Zlíně nebo vzdáleným přístupem pro zaměstnance a studenty 
588 0 |a Print version record. 
650 0 7 |a americký román  |7 ph118394  |y 20.-21. století  |2 czenas 
650 0 9 |a American fiction  |y 20th-21st centuries  |2 eczenas 
655 7 |a elektronické knihy  |7 fd186907  |2 czenas 
655 7 |a kolektivní monografie  |7 fd501537  |2 czenas 
655 9 |a electronic books  |2 eczenas 
655 9 |a collective monographs  |2 eczenas 
700 1 |a Jarvis, Brian. 
700 1 |a Jenner, Paul. 
776 0 8 |i Print version:  |a Jarvis, Brian.  |t Contemporary American novel in context.  |d London : Continuum, 2011  |z 9780826419699 
830 0 |a Texts and contexts (Continuum (Firm)) 
856 4 0 |u https://search.ebscohost.com/login.aspx?direct=true&scope=site&db=nlebk&db=nlabk&AN=368505&authtype=ip,shib&custid=s3936755 
942 |2 udc 
992 |c EBOOK-TN  |c EBSCO 
993 |x NEPOSILAT  |y EIZ 
999 |c 114030  |d 114030